000 01130nam a2200313 i 4500
001 000045797
003 DO-SdBNP
005 20250716100413.0
007 ta
008 150514s2002 dr 000 0 spa d
020 _a9993430366
040 _aDO-SdBNP
_bspa
_cDO-SdBNP
_erda
082 4 _axxx
_bxxx
_222
100 1 _aVallejo Paredes, Margarita de,
_923195
_eautora
245 1 0 _aDiccionario de refranes /
_cMargarita Vallejo de Paredes, Alejandra Paredes de Fernández.
264 _aSanto Domingo :
_bBanco Central de la República Dominicana,
_c2002.
300 _a398 páginas ;
_c23 cm.
336 _2rdacontent
_atexto
_btxt
337 _2rdamedia
_asin mediación
_bn
338 _2rdacarrier
_avolumen
_bnc
490 _aBanco Central de la República Dominicana
_v48
490 _aArte y literatura
_v18
500 _aIncluye referencias bibliográficas y notas al pie de las páginas.
500 _aIncluye datos biográficos de las autoras en las solapas
504 _aBibliografía : p. 385-391
590 _aInventariado, 2020/VM
700 1 _aParedes de Fernández, Alejandra
_973876
942 _2ddc
_cLBS1
999 _c45286
_d45286